01235 a2200193 45000010006000000050017000060080041000230030015000640400040000790800065001192450061001842500012002452640038002573000019002955050644003141000032009587000030009907000021010204134520260407155707.0260407a1983 arg spa dAR-UNSa-BCEJYS aAR-UNSa-BCEJYSbspacAR-UNSa-BCEJYS a94(82):32xHistoria Política y Constitucional de Argentina10aHistoria política y constitucional Argentina 1776-1976 a4a. ed. 1aBuenos Aires :bA-Z Editorac1983 a432 p.c23 cm. a1. Doctrinas e influencia que prepararon el proceso emancipador - 2. Los precursores de la emancipación - 3. Visperas de nuestra emancipación - 4. Comienzos de la emanicpación - 5. Emancipación política - 6. El problema constitucional - 7. La época de rosas - 8. La constitucion de 1853 - 9. Secesión - 10. Unión nacional - 11. La liga de gobernadores - 12. Grandes controversias - 13. Bajo la ley Sánz Peña - 14. Crisis Institucional - 15. El Peronismo - 16. La revolución libertadora - 17. Años confusos - 18. Dos ciclos políticos - 19. El ocaso de la Revolución Argentina - 20. Subversión y corrupción- 1 aRodríguez Varela, Alberto1 aRomero Carranza, Ambrosio1 aVentura, Eduardo